Model Commercial Lease (Record no. 121039)
[ view plain ]
| 000 -LEADER | |
|---|---|
| fixed length control field | 01137cai a22002295a 4500 |
| 001 - CONTROL NUMBER | |
| control field | L158813 |
| 008 - FIXED-LENGTH DATA ELEMENTS--GENERAL INFORMATION | |
| fixed length control field | 120323s2015 xxk f 000 0 eng d |
| 035 ## - SYSTEM CONTROL NUMBER | |
| System control number | (Sirsi) u158813 |
| 041 0# - LANGUAGE CODE | |
| Language code of text/sound track or separate title | eng |
| 110 2# - MAIN ENTRY--CORPORATE NAME | |
| Corporate name or jurisdiction name as entry element | MCL Drafting Group |
| 245 00 - TITLE STATEMENT | |
| Title | Model Commercial Lease |
| Medium | [electronic resource] |
| 260 ## - PUBLICATION, DISTRIBUTION, ETC. | |
| Date of publication, distribution, etc. | 2015 |
| 520 ## - SUMMARY, ETC. | |
| Summary, etc. | The Model Commercial Lease (MCL) suite of documents comprises various template commercial leases and associated documents. Different versions of MCL leases are available to suit different types of commercial buildings such as offices, shops, shopping centre units and industrial/logistics units. The MCL is a client-led project. It was originally commissioned by the British Property Federation. The Drafting Group excludes all liability from use of the MCL documents. |
| 590 ## - LOCAL NOTE (RLIN) | |
| Local note | KA NTK |
| 650 24 - SUBJECT ADDED ENTRY--TOPICAL TERM | |
| Topical term or geographic name entry element | COMMERCIAL PROPERTY TRANSACTIONS |
| 650 24 - SUBJECT ADDED ENTRY--TOPICAL TERM | |
| Topical term or geographic name entry element | COMMERCIAL LEASING |
| 651 #4 - SUBJECT ADDED ENTRY--GEOGRAPHIC NAME | |
| Geographic name | ENGLAND AND WALES |
| 690 ## - LOCAL SUBJECT ADDED ENTRY--TOPICAL TERM (OCLC, RLIN) | |
| Topical term or geographic name as entry element | COMMERICAL PROPERTY |
| 710 1# - ADDED ENTRY--CORPORATE NAME | |
| Corporate name or jurisdiction name as entry element | British Property Federation |
| 9 (RLIN) | 1604 |
| 856 40 - ELECTRONIC LOCATION AND ACCESS | |
| Uniform Resource Identifier | <a href="https://modelcommerciallease.co.uk/">https://modelcommerciallease.co.uk/</a> |
| Public note | View the website at http://modelcommerciallease.co.uk |
| 942 ## - ADDED ENTRY ELEMENTS (KOHA) | |
| Suppress in OPAC | 0 |
| Withdrawn status | Lost status | Source of classification or shelving scheme | Damaged status | Not for loan | Home library | Current library | Shelving location | Date acquired | Total Checkouts | Full call number | Barcode | Date last seen | Copy number | Price effective from | Koha item type |
|---|---|---|---|---|---|---|---|---|---|---|---|---|---|---|---|
| Dewey Decimal Classification | Virtual | Virtual | Online | 29/07/2015 | WEBSITE | 158813-2001 | 06/08/2019 | 1 | 06/08/2019 | Online material |